000
00279nam a2200133Ia 4500
100
_a
Bernard E. Jones
650
_a
General
942
_c
BK
654
_a
Mechanic
245
_a
The Amateur Mechanic
260
_b
Waverly Book Co
_c
2001
082
_a
621.3
546
_a
ENGLISH
999
_c
23502
_d
23502